Vorbildlich und selbstlos
| Titel: | Vorbildlich und selbstlos : Volkmar Gaberts Engagement für die sudetendeutsch-tschechischen Beziehungen seit der sanften Revolution |
|---|---|
| Verfasser: | |
| In: |
Seliger-Gemeinde: Sudeten-Jahrbuch der Seliger-Gemeinde, Band 52 (2003), Seite 75-78, Abb. alle Artikel anzeigen |
| Veröffentlicht: | 2003 [2002] |
| Format: | Aufsatz |
| Sprache: | Deutsch |
X
alg: 39154000 001A $01999:11-11-16 001B $01999:25-04-21 $t10:52:35.000 001D $01999:11-11-16 001U $0utf8 001X $00 002@ $0Aox 003@ $0391540009 007A $0391540009 $aHEB 007T $0Herd48158 010@ $ager 011@ $a2003 $n2003 [2002] 021A $aVorbildlich und selbstlos $dVolkmar Gaberts Engagement für die sudetendeutsch-tschechischen Beziehungen seit der sanften Revolution 028A $aBecher $dPeter 031A $d52 $h75-78, Abb. $j2003 039B $aIn $8--Abvc--Seliger-Gemeinde [Tb1]. Sudeten-Jahrbuch der Seliger-Gemeinde. - München : Die Brücke, 1952-2003 $x200300000520000925 $9047713011 045F $a909 $eDDC23BSB 045F/01 $a909 045F/03 $g4371 lok: 39154000 78 exp: 39154000 78 1 #EPN 201B/01 $026-11-17 $t00:41:55.000 201U/01 $0utf8 203@/01 $0787634190 208@/01 $a11-11-16 $be 209A/01 $a/ $f000 $x00 220C/01 $aTitelaufnehmer: rb 244Z/01 $#Tschechien $#Tschechische Republik $#Tschechische Republik $#Tschechenland $#Tschechei Tschechien $#Česká Republika $#Czech Republic $#ČR $74303381-7 $8--Tg1--Tschechien $x01 $9086659812 244Z/01 $2Trx $#Böhmen $#Bohemia $#Czechy $8--Trx--Čechy $x02 $9391188941 244Z/01 $aGeschichte 1989-2002 $x03 244Z/01 $2Trx $8--Trx--Gabert, Volkmar$Z1923-2003 $x04 $9391082736 244Z/01 $2Trx $#suhted, Saksa-Tšehhi $#santykiai, čekų ir vokiečių $#relations, Czech-German $#kapcsolatok, cseh-német $#stosunki czesko-niemieckie $#vzťahy česko-nemecké $#vztahy česko-německé $#Beziehungen, böhmisch-deutsche $8--Trx--Beziehungen, deutsch-tschechische $x05 $939137205X 244Z/01 $2Trx $#sudeedisakslased $#Sudetų vokiečiai $#Sudeto-Germans $#szudéta német $#Niemcy Sudeccy $#Nemci sudetskí $#Němci sudetští $8--Trx--Sudetendeutsche $x06 $9391356666 244Z/01 $2Trx $8--Trx--Zeitschriftenaufsatz $x07 $9391384341 245Z/01 $a07.07 $x01 247C/01 $82080>Marburg/Lahn, Herder-Institut, Forschungsbibliothek, Bibliographieportal $9336309341
| LEADER | 00000caa a22000002c 4500 | ||
|---|---|---|---|
| 001 | 391540009 | ||
| 003 | DE-603 | ||
| 005 | 20210425105235.0 | ||
| 007 | tu | ||
| 008 | 161111s2003 xx |||| | u00||u|ger c | ||
| 035 | |a (DE-599)HEB391540009 | ||
| 040 | |a DE-603 |b ger |c DE-603 |d DE-603 | ||
| 041 | |a ger | ||
| 082 | 0 | 4 | |8 1\u |a 909 |q DE-101 |2 23/BSB |
| 085 | |8 1\u |b 909 | ||
| 085 | |8 1\u |z 2 |s 4371 | ||
| 100 | 1 | |a Becher, Peter | |
| 245 | 0 | 0 | |a Vorbildlich und selbstlos |b Volkmar Gaberts Engagement für die sudetendeutsch-tschechischen Beziehungen seit der sanften Revolution |
| 264 | 0 | |c 2003 [2002] | |
| 773 | 0 | 8 | |i In |a Seliger-Gemeinde |t Sudeten-Jahrbuch der Seliger-Gemeinde |d München : Die Brücke, 1952-2003 |h 21 cm |g Band 52 (2003), Seite 75-78, Abb. |w (DE-603)047713011 |w (DE-600)511910-8 |
| 924 | 0 | |9 2080 |a (DE-603)787634190 |b DE-2080 |c HES |d d |g / | |


